000 00600nam a22002297a 4500
001 70130
003 UA-OsUOA
005 20210103193025.0
007 ta
008 20100830b un ||||| |||| 00| 0 ukr d
040 _aUA-OsUOA
_brus
_cUA-OsUOA
_dUA-OsUOA
041 _arus
080 _a821.161.1
090 _a821.161.1
_bТ40
100 _aТик Л.
245 _aСтранствия Франца Штернбальда
260 _aМ.
_bНаука
_c1987
300 _a358 с.
650 7 _a82 Література. Літературознавство
_2UDC
942 _cBK
955 _a3
999 _c356357
_d356357